Guidelines for Monitoring Indoor Air Quality /

Na minha lista:
Detalhes bibliográficos
Main Authors: Nagda, Niren L (Author), Rector, Harry E (Author), Koontz, Michael D (Author)
Formato: Livro
Idioma:inglês
Publicado em: Washington : Hemisphere Publishing Corporation, 1987
Tags: Adicionar Tag
Sem tags, seja o primeiro a adicionar uma tag!

MARC

LEADER 00000nam a22000003a 4500
001 stu22262
005 20150617225746.6
008 940210s1987----xxu-----------------eng-d
020 |a 0-891-16-385-X 
040 |a STU  |b slo 
041 0 |a eng 
044 |a xxu 
080 |a 502.5(203) 
100 1 |a Nagda, Niren L  |4 aut 
245 1 |a Guidelines for Monitoring Indoor Air Quality /  |c [aut.]Nagda,Niren L., Rector,Harry E., Koontz,Michael D 
260 |a Washington :  |b Hemisphere Publishing Corporation,  |c 1987 
300 |a 278 s :  |b Obr.,tab.,grafy,lit.,index 
700 1 |a Rector, Harry E  |4 aut 
700 1 |a Koontz, Michael D  |4 aut 
996 |b C92601  |c C*92601  |l CCXXVI  |s P  |a 0  |w stu22262_0001